Papers presented at the Symposium on the Profitable Aeration of Waste Water, held at the Sudbury Conference Hall, London, April 1980 /

Saved in:
Bibliografiske detaljer
Corporate Authors: Symposium on the Profitable Aeration of Waste Water London, England, BHRA (Association)
Format: Conference Proceeding Bog
Sprog:English
Udgivet: Cranfield, Eng. : BHRA Fluid Engineering, c1980.
Fag:
LEADER 01441cam a2200337 a 4500
001 c000389543
003 CARM
005 20120329120914.0
008 120329s1980 enkado b 100 0 eng d
010 |a 81470190 
015 |a GB*** 
019 1 |a 1861956  |z 42106059  |5 LACONCORD2021 
020 |a 0906085446 (pbk.) 
035 |a (OCoLC)8112497  |5 LACONCORD2021 
040 |a LC  |b eng  |c LC  |d WLB 
050 0 0 |a TD758  |b .S95 1980 
082 0 0 |a 628.3/51  |2 19 
111 2 |a Symposium on the Profitable Aeration of Waste Water  |d (1980 :  |c London, England) 
245 1 0 |a Papers presented at the Symposium on the Profitable Aeration of Waste Water, held at the Sudbury Conference Hall, London, April 1980 /  |c organised and sponsored by BHRA Fluid Engineering. 
260 |a Cranfield, Eng. :  |b BHRA Fluid Engineering,  |c c1980. 
300 |a iv, 98 p. :  |b ill. ;  |c 30 cm. 
500 |a "The scale-up of aerators" by Stephen E. Ellis (29 p.) inserted. 
504 |a Includes bibliographical references. 
650 0 |a Sewage  |x Purification  |x Aeration  |x Congresses. 
653 |a Waste water  |a Aeration 
710 2 |a BHRA (Association) 
852 8 |b CARM  |p 0525368  |f BK 
852 8 |b SCAN  |h A3:AG32E0  |i F08371  |p 0525368  |f BK 
999 f f |i cd4d0e38-ad76-50ba-a196-2e81c7fa6a00  |s 6652f8c6-09fe-5509-8126-119ff43c43f2 
952 f f |p Can circulate  |a CAVAL  |b CAVAL  |c CAVAL  |d CARM 1 Store  |i book  |m 0525368 
952 f f |a CAVAL  |b CAVAL  |c CAVAL  |d Unmapped Location  |e F08371  |f A3:AG32E0  |h Other scheme